00853nam a2200193 a 4500001001000000005001700010008004100027020001500068040001800083050001900101245005900120260009300179300004200272500015700314500003300471610007000504650003400574650005100608BRCA_131120190320203353.0940214s1994 dcua---##c---#001-0#eng-d a1560984511 aDLCcDLCdDLC 4aE56b.A56 199410aAll Roads are GoodbNative Voices on Life and Culture. aWashingtonbSmithsonian Institution Press : National Museum of the American Indianc1994 a224 p.bil. (algunas a color)c26 cm. aCatálogo de la exposición realizada en el National Museum of the American Indian, Smithsonian Institution, (Nueva York), octubre 1994 - febrero 1998 aIncluye índice analítico24aNational Museum of the American Indian (Nueva York)vExposiciones14aIndiosvExposicionesxCultura14aIndiosvExposicionesxVida social y costumbres